[Event "AUTO-ADV-2987"]
[Site "http://www.queenalice.com/game.php?id=1254204"]
[Date "2014.2.6"]
[Round "2"]
[White "heidy"]
[Black "tewald"]
[Result "1-0"]
[WhiteElo "2000"]
[BlackElo "1918"]

1. e4 d6 2. d4 Nf6 3. Nc3 g6 4. f3 Bg7 5. Bc4 O-O 6. Bg5 h6 7. Be3 Nc6 8. Qd2
Kh7 9. h4 e5 10. d5 Ne7 11. g4 a5 12. a4 b6 13. Nge2 Ba6 14. Bxa6 Rxa6 15. h5 g5
16. Ng3 c6 17. dxc6 Nxc6 18. Nf5 Na7 19. O-O-O Ne8 20. Nxd6 Nxd6 21. Qxd6 Qxd6
22. Rxd6 Nc8 23. Rc6 Rd8 24. Rd1 Rxd1+ 25. Kxd1 Bf8 26. Rxc8 1-0

[Event "AUTO-ADV-2987"]
[Site "http://www.queenalice.com/game.php?id=1254205"]
[Date "2014.2.6"]
[Round "2"]
[White "tewald"]
[Black "heidy"]
[Result "0-1"]
[WhiteElo "1920"]
[BlackElo "1987"]

1. e4 Nf6 2. e5 Nd5 3. d4 d6 4. Nf3 Nc6 5. c4 Nb6 6. Be2 dxe5 7. c5 Nd7 8. dxe5
Nxc5 9. O-O Qxd1 10. Rxd1 Bg4 11. Bf4 e6 12. h3 Bh5 13. Nc3 a6 14. Rd2 Nd7 15.
Rad1 O-O-O 16. a3 Be7 17. b4 Bxf3 18. Bxf3 Ndxe5 19. Bxc6 Nxc6 20. Ne4 Rxd2 21.
Rxd2 Rd8 22. Rxd8+ Kxd8 23. g4 Nd4 24. Kg2 Kd7 25. f3 f5 26. Nc3 a5 27. bxa5
Bxa3 0-1

[Event "AUTO-ADV-2987"]
[Site "http://www.queenalice.com/game.php?id=1254206"]
[Date "2014.2.6"]
[Round "2"]
[White "heidy"]
[Black "Andrez"]
[Result "1-0"]
[WhiteElo "2071"]
[BlackElo "2080"]

1. e4 e5 2. Nf3 Nc6 3. Bc4 d6 4. h3 Be7 5. d4 exd4 6. Nxd4 Bd7 7. Be3 Nf6 8. Nc3
O-O 9. O-O a6 10. a4 Ne5 11. Bb3 Qc8 12. f4 Nc6 13. f5 Ne5 14. Nf3 Nxf3+ 15.
Rxf3 Bc6 16. Rf4 Re8 17. g4 Bd8 18. Qd3 b6 19. g5 Nd7 20. g6 Ne5 21. gxf7+ Nxf7
22. Bxf7+ Kxf7 23. Qc4+ Kf8 24. Qxc6 Bf6 25. Rd1 Qd8 26. Rg4 h5 27. Rg2 Be5 28.
Bg5 Bf6 29. Bxf6 gxf6 30. Qd5 Qd7 31. Rg8+ Ke7 32. Rg7+ Kd8 33. Qxa8+ Qc8 34.
Qc6 1-0

[Event "AUTO-ADV-2987"]
[Site "http://www.queenalice.com/game.php?id=1254207"]
[Date "2014.2.6"]
[Round "2"]
[White "Andrez"]
[Black "heidy"]
[Result "1-0"]
[WhiteElo "2091"]
[BlackElo "2017"]

1. g4 Nf6 2. g5 Nd5 3. Bg2 Nb6 4. d3 d5 5. h4 e5 6. Nc3 c6 7. e4 d4 8. Nce2 Be7
9. f4 f6 10. Ng3 Bb4+ 11. Bd2 Bxd2+ 12. Qxd2 Bg4 13. Bf3 Qd7 14. f5 Bxf3 15.
Nxf3 Na6 16. h5 O-O-O 17. h6 gxh6 18. gxf6 Qd6 19. Rxh6 Nd7 20. Ng5 Rdf8 21. Nh5
Nxf6 22. Ne6 Ng4 23. Nxf8 Qxh6 24. Qxh6 Nxh6 25. Ne6 Nc7 26. Nhg7 Nxe6 27. Nxe6
Ng4 28. O-O-O h5 29. Rg1 b6 30. c3 dxc3 31. bxc3 c5 32. Kc2 Kd7 33. d4 cxd4 34.
cxd4 exd4 35. Nxd4 Kd6 36. Nf3 Rc8+ 37. Kb3 Ke7 38. a4 a6 39. Rh1 Nf2 40. Rh4
Rd8 41. Ng5 Rd4 42. Rxh5 Nxe4 43. Nxe4 Rxe4 44. f6+ Kxf6 45. Rh6+ Ke7 46. Rxb6
Re6 47. a5 Rxb6+ 48. axb6 Kd6 49. Ka4 Kc6 50. Ka5 Kb7 51. Kb4 Kxb6 52. Ka4 a5
53. Kb3 Kb5 54. Ka3 a4 55. Kb2 Kb4 56. Ka2 Kc4 57. Ka3 Kb5 58. Ka2 Kb4 59. Kb2
1-0

[Event "AUTO-ADV-2986"]
[Site "http://www.queenalice.com/game.php?id=1259072"]
[Date "2014.2.23"]
[Round "2"]
[White "marcomasao"]
[Black "heidy"]
[Result "0-1"]
[WhiteElo "1656"]
[BlackElo "2087"]

1. e4 Nf6 2. Nc3 d5 3. d3 dxe4 4. Nxe4 Nxe4 5. dxe4 Qxd1+ 6. Kxd1 e5 7. Bc4 Bc5
8. Ke1 Nc6 9. Nf3 Bg4 10. Ng5 O-O 11. Bd2 h6 12. Nf3 Bxf3 13. gxf3 Nd4 14. Bb3
Nxf3+ 15. Ke2 Nd4+ 16. Kf1 Nxb3 17. axb3 f5 18. Rg1 Kh7 19. exf5 Rxf5 20. Rg2
Raf8 21. Be1 e4 22. Ra4 e3 23. Rag4 g5 24. h4 exf2 25. Bc3 Rd8 26. Rxf2 Rd1+ 27.
Ke2 Rxf2+ 28. Kxd1 Kg6 29. Bd2 Kf6 30. hxg5+ hxg5 31. Rxg5 Rxd2+ 32. Kc1 Kxg5
33. Kxd2 Kf5 34. Kd3 b5 35. c3 Bb6 36. b4 c6 37. Kc2 Ke4 38. Kd2 Be3+ 39. Kc2
Bf4 40. b3 Ke3 41. c4 Ke2 42. cxb5 cxb5 43. Kc3 Be5+ 44. Kc2 Bf6 45. Kb1 Bc3 46.
Kc1 Bxb4 47. Kc2 a5 48. Kb2 Kd2 49. Kb1 Kc3 50. Ka2 Kc2 51. Ka1 Kxb3 52. Kb1 Bc3
53. Kc1 a4 0-1

[Event "AUTO-ADV-2986"]
[Site "http://www.queenalice.com/game.php?id=1259073"]
[Date "2014.2.23"]
[Round "2"]
[White "heidy"]
[Black "marcomasao"]
[Result "1-0"]
[WhiteElo "2069"]
[BlackElo "1695"]

1. e4 e5 2. Nf3 Nc6 3. Bc4 h6 4. O-O Nf6 5. d4 Qe7 6. d5 Na5 7. Bd3 b6 8. Bd2
Bb7 9. b4 Nc6 10. dxc6 Bxc6 11. Re1 g5 12. Bc3 d6 13. h3 Bg7 14. a4 h5 15. Nxg5
O-O-O 16. a5 b5 17. a6 Kb8 18. Qe2 Nh7 19. Nxh7 Rxh7 20. Bxb5 Ba8 21. Nd2 c6 22.
Ba4 Rc8 23. Nb3 Rc7 24. Na5 f6 25. Rad1 h4 26. Qc4 Bh6 27. Bxc6 Qg7 28. Rxd6 Rh8
29. Red1 Rg8 30. Rd8+ Rc8 31. Qb5+ Bb7 32. Rxc8+ Rxc8 33. Nxb7 Be3 34. fxe3 Rc7
35. Rd8+ Rc8 36. Nc5+ Kc7 37. Ne6# 1-0

[Event "AUTO-ADV-2986"]
[Site "http://www.queenalice.com/game.php?id=1259079"]
[Date "2014.2.23"]
[Round "2"]
[White "worldwide"]
[Black "heidy"]
[Result "0-1"]
[WhiteElo "1838"]
[BlackElo "2048"]

1. Nf3 Nf6 2. g3 g6 3. Bg2 d5 4. d4 Bg7 5. e3 O-O 6. O-O Re8 7. Nbd2 c6 8. a4
Nbd7 9. b4 e5 10. dxe5 Nxe5 11. Bb2 Nxf3+ 12. Nxf3 Bf5 13. Nd4 Bd7 14. a5 Bg4
15. Bf3 Bh3 16. Re1 Ne4 17. Bxe4 dxe4 18. c3 Rc8 19. Qe2 c5 20. Nb5 Qf6 21. Rad1
Rcd8 22. Rxd8 Rxd8 23. bxc5 Rd2 0-1

[Event "AUTO-ADV-2986"]
[Site "http://www.queenalice.com/game.php?id=1274535"]
[Date "2014.4.20"]
[Round "3"]
[White "Herivelto"]
[Black "heidy"]
[Result "1-0"]
[WhiteElo "2064"]
[BlackElo "2032"]

1. Nf3 Nf6 2. c4 g6 3. d4 d5 4. cxd5 Nxd5 5. e4 Nb6 6. Be2 Bg7 7. Nc3 O-O 8. O-O
Nc6 9. e5 Be6 10. Be3 Nd5 11. Nxd5 Bxd5 12. b3 Nb4 13. a3 Nc6 14. Nd2 1-0

[Event "AUTO-ADV-2986"]
[Site "http://www.queenalice.com/game.php?id=1274536"]
[Date "2014.4.20"]
[Round "3"]
[White "heidy"]
[Black "Herivelto"]
[Result "0-1"]
[WhiteElo "2048"]
[BlackElo "2048"]

1. e4 c5 2. Nf3 d6 3. d4 cxd4 4. Nxd4 Nc6 5. Nc3 Nf6 6. Be3 a6 7. f3 e5 8. Nxc6
bxc6 9. Bc4 Rb8 10. O-O Rb4 11. Bb3 Be7 12. Na4 O-O 13. c4 c5 0-1

[Event "AUTO-ADV-2986"]
[Site "http://www.queenalice.com/game.php?id=1274540"]
[Date "2014.4.20"]
[Round "3"]
[White "worldwide"]
[Black "heidy"]
[Result "1-0"]
[WhiteElo "1998"]
[BlackElo "2092"]

1. d4 Nf6 2. Nf3 d5 3. g3 Nc6 4. Bg2 Bf5 5. a3 e5 6. dxe5 Ng4 7. O-O Be4 8. Bg5
Be7 9. Bxe7 Qxe7 10. Nbd2 Bf5 11. Re1 1-0